The Chicago Theory: Preventing Homicides-Can it be Done?

Saved in:  
Bibliographic Details
Corporate Author: Governor's Justice Commission. VerfasserIn (Author)
Format: Print Article
Language:English
Published: 1993
In:Enthalten in: Domestic Violence Report 31(1993), Seite 46-48
Check availability: HBZ Gateway

MARC

LEADER 00000caa a22000002c 4500
001 1912476932
003 DE-627
005 20250127054935.0
007 tu
008 241217s1993 xx ||||| 00| ||eng c
035 |a (DE-627)1912476932 
035 |a (DE-599)KXP1912476932 
040 |a DE-627  |b ger  |c DE-627  |e rda 
041 |a eng 
084 |a 2,1  |2 ssgn 
110 2 |a Governor's Justice Commission  |e VerfasserIn  |4 aut 
245 1 4 |a The Chicago Theory: Preventing Homicides-Can it be Done? 
264 1 |c 1993 
336 |a Text  |b txt  |2 rdacontent 
337 |a ohne Hilfsmittel zu benutzen  |b n  |2 rdamedia 
338 |a Band  |b nc  |2 rdacarrier 
500 |a 1086-1270 
773 0 8 |i Enthalten in  |t Domestic Violence Report  |g 31(1993), Seite 46-48 
773 1 8 |g volume:31  |g year:1993  |g pages:46-48 
787 0 8 |i Forschungsdaten  |a Block, Carolyn Rebecca  |t Homicides in Chicago, 1965-1995  |d [Erscheinungsort nicht ermittelbar] : [Verlag nicht ermittelbar], 1995  |w (DE-627)1840066261 
935 |a mkri 
951 |a AR 
ELC |b 1 
LOK |0 000 xxxxxcx a22 zn 4500 
LOK |0 001 4637442435 
LOK |0 003 DE-627 
LOK |0 004 1912476932 
LOK |0 005 20241217044218 
LOK |0 008 241217||||||||||||||||ger||||||| 
LOK |0 035   |a (DE-2619)ICPSR12220 
LOK |0 040   |a DE-2619  |c DE-627  |d DE-2619 
LOK |0 092   |o n 
LOK |0 852   |a DE-2619 
LOK |0 852 1  |9 00 
LOK |0 935   |a uvkn  |a nacp 
LOK |0 939   |a 17-12-24  |b l01 
ORI |a SA-MARC-krimdoka001.raw